[Event "2nd Yerevan Open"]
[Site "?"]
[Date "2017.09.21"]
[Round "3.25"]
[White "Petrosyan, Manuel"]
[Black "Ziroyan, David"]
[Result "1/2-1/2"]
[WhiteElo "2559"]
[BlackElo "2055"]
[PlyCount "156"]

1. d4 Nf6 2. Nf3 g6 3. c4 c5 4. Nc3 cxd4 5. Nxd4 Bg7 6. e4 d6 7. Be2 O-O 8. O-O
Nc6 9. Be3 Nd7 10. Rb1 Nc5 11. b4 Ne6 12. Nxe6 fxe6 13. Qd2 e5 14. c5 Nd4 15.
cxd6 exd6 16. Nb5 Nxe2+ 17. Qxe2 a6 18. Nc3 Be6 19. Rfd1 Rc8 20. Nd5 Qh4 21. f3
Kh8 22. b5 axb5 23. Rxb5 Rf7 24. Qd2 h6 25. Bf2 Qh5 26. Rb6 Rc6 27. Rdb1 g5 28.
Rxb7 Rxb7 29. Rxb7 g4 30. Rb8+ Kh7 31. Rb3 Bxd5 32. exd5 Rc8 33. Qd3+ Kh8 34.
Qe4 gxf3 35. Rxf3 Rc1+ 36. Be1 Qe8 37. h3 Qa8 38. Kh2 Qxa2 39. Bf2 Rc2 40. Kg3
Rd2 41. Qg6 Qxd5 42. Be3 Rd3 43. Rf7 Rxe3+ 44. Kh2 Qxf7 45. Qxf7 Re4 46. Qe6
Rd4 47. g4 e4 48. Kg3 Rd3+ 49. Kh4 d5 50. Qf5 Kg8 51. Qc8+ Kh7 52. Qf5+ Kh8 53.
g5 hxg5+ 54. Qxg5 Rf3 55. Qh5+ Kg8 56. Qxd5+ Kh8 57. Qh5+ Kg8 58. Qe8+ Rf8 59.
Qe6+ Kh8 60. Kg5 Rf6 61. Qe8+ Kh7 62. Qxe4+ Kh8 63. Qh4+ Rh6 64. Qc4 Rf6 65.
Qc8+ Kh7 66. Qe8 Rh6 67. Qe4+ Kh8 68. Qc2 Rf6 69. Qb1 Kg8 70. Qa2+ Kh8 71. Qb3
Kh7 72. Qd5 Kh8 73. h4 Kh7 74. Qe4+ Kh8 75. Qa4 Kg8 76. Qa8+ Kh7 77. Qe8 Rh6
78. Qc8 Rf6 1/2-1/2

[Event "2nd Yerevan Open"]
[Site "?"]
[Date "2017.09.21"]
[Round "3.26"]
[White "Sargsyan , Anna M."]
[Black "Hakobyan, Aram"]
[Result "0-1"]
[WhiteElo "2047"]
[BlackElo "2472"]
[PlyCount "74"]

1. d4 Nf6 2. Nf3 g6 3. c4 d6 4. g3 Bg7 5. Bg2 O-O 6. Nc3 Nc6 7. O-O Nd7 8. e4
Nb6 9. b3 Bg4 10. Be3 e5 11. d5 Nd4 12. Bxd4 exd4 13. Nb5 c6 14. dxc6 bxc6 15.
Nbxd4 c5 16. Nc2 Bxa1 17. Qxa1 Qe7 18. Ne3 Bd7 19. e5 Rad8 20. exd6 Qxd6 21.
Ng5 Qd4 22. Qc1 Rfe8 23. h4 Qe5 24. a4 Nc8 25. Bd5 Nd6 26. Qd1 h6 27. Nf3 Qc3
28. Qb1 Kg7 29. Rc1 Qf6 30. Nh2 Bf5 31. Qa2 Ne4 32. Nd1 Bh3 33. Qc2 Nxg3 34.
Nc3 Bf5 35. Qa2 Ne4 36. Nd1 Qxh4 37. Ne3 Qg5+ 0-1

[Event "2nd Yerevan Open"]
[Site "?"]
[Date "2017.09.21"]
[Round "3.27"]
[White "Aitbayev , Aslan"]
[Black "Harutyunyan, Erik"]
[Result "1-0"]
[WhiteElo "2427"]
[BlackElo "2031"]
[PlyCount "79"]

1. e4 e5 2. Nf3 Nc6 3. Bb5 a6 4. Ba4 Nf6 5. d3 b5 6. Bb3 d6 7. Ng5 d5 8. Nc3
Bb4 9. O-O Bxc3 10. bxc3 h6 11. exd5 Na5 12. Ne4 Nxb3 13. axb3 Qxd5 14. c4 Qc6
15. cxb5 axb5 16. Rxa8 Qxa8 17. Nxf6+ gxf6 18. d4 Rg8 19. f3 Bh3 20. Rf2 Qd5
21. Bb2 Bf5 22. Qe2 Rg6 23. c4 bxc4 24. bxc4 Qa5 25. h4 h5 26. Kh2 Bc8 27. d5
Bf5 28. Bxe5 fxe5 29. Qxe5+ Be6 30. Re2 Qb6 31. dxe6 Rxe6 32. Qh8+ Ke7 33. Rd2
Rd6 34. Qe5+ Re6 35. Qg5+ Rf6 36. Rd5 Kf8 37. Qxh5 Rh6 38. Qg5 Rg6 39. Qe5 Re6
40. Qh8+ 1-0

[Event "2nd Yerevan Open"]
[Site "?"]
[Date "2017.09.21"]
[Round "3.28"]
[White "Barseghyan, Armen Ar."]
[Black "Bakunts, Rafayel"]
[Result "1-0"]
[WhiteElo "2020"]
[BlackElo "2421"]
[PlyCount "95"]

1. d4 d5 2. c4 c6 3. Nf3 Nf6 4. e3 e6 5. Bd3 dxc4 6. Bxc4 Nbd7 7. O-O Bd6 8.
Nbd2 O-O 9. e4 e5 10. dxe5 Nxe5 11. Nxe5 Bxe5 12. Nf3 Qc7 13. Qc2 Bd6 14. h3
Nd7 15. Be3 Bf4 16. Rae1 Ne5 17. Nxe5 Qxe5 18. b4 Bxe3 19. Rxe3 Be6 20. Bxe6
Qxe6 21. f4 a5 22. a3 axb4 23. axb4 Rfd8 24. Qc3 Qd6 25. Kh2 Qd2 26. Qb3 Rd4
27. Rb1 Re8 28. Rb2 Qc1 29. e5 g6 30. Rc2 Qf1 31. e6 f6 32. Rf3 Qe1 33. b5 Rb4
34. Qd3 Qxe6 35. bxc6 bxc6 36. Qa6 c5 37. Qxe6+ Rxe6 38. Rxc5 Re7 39. f5 g5 40.
Rfc3 Kf7 41. R3c4 Rxc4 42. Rxc4 h5 43. g4 h4 44. Rc6 Re2+ 45. Kg1 Kg7 46. Ra6
Rd2 47. Re6 Kf7 48. Ra6 1-0

[Event "2nd Yerevan Open"]
[Site "?"]
[Date "2017.09.21"]
[Round "3.29"]
[White "Martirosyan, Garik"]
[Black "Pogosyan, Stefan"]
[Result "1/2-1/2"]
[WhiteElo "2018"]
[BlackElo "2349"]
[PlyCount "132"]

1. d4 Nf6 2. c4 e6 3. Nc3 Bb4 4. a3 Bxc3+ 5. bxc3 O-O 6. f3 d5 7. cxd5 exd5 8.
e3 b6 9. Bd3 Ba6 10. Bb1 c5 11. Ne2 Nc6 12. O-O Re8 13. Ra2 Bc4 14. Rb2 Qd6 15.
a4 Re7 16. Re1 Rae8 17. Ng3 g6 18. Rf2 h5 19. Nf1 Na5 20. Bc2 Nc6 21. h3 h4 22.
Nd2 cxd4 23. cxd4 Ba6 24. Nb3 Nb4 25. Bb1 Qc6 26. a5 Bc4 27. axb6 axb6 28. Rb2
Rc7 29. Na1 Na6 30. Nc2 b5 31. Bd2 Rce7 32. Na1 b4 33. Nb3 Nh5 34. Nc1 Ng3 35.
Nd3 b3 36. Ne5 Qb5 37. Bc3 Rb7 38. e4 Nc7 39. Ng4 Re6 40. Rf2 Ne8 41. e5 Rbe7
42. Qd2 f5 43. Ne3 Nc7 44. Bb4 Rd7 45. Bd6 Qb7 46. Nd1 Nb5 47. Bc5 Qb8 48. Nb2
Kg7 49. Nd3 Rb7 50. Qg5 Bxd3 51. Bxd3 Nc3 52. Qxh4 Nh5 53. Qg5 b2 54. Bb1 f4
55. Rc2 Nxb1 56. Rxb1 Ra6 57. Re2 Ng3 58. Ree1 Ra1 59. Qf6+ Kh7 60. e6 Rxb1 61.
Rxb1 Ne2+ 62. Kh2 Nc3 63. Rxb2 Rxb2 64. Qf7+ Kh8 65. Qf6+ Kh7 66. Qf7+ Kh8
1/2-1/2

[Event "2nd Yerevan Open"]
[Site "?"]
[Date "2017.09.21"]
[Round "3.30"]
[White "Hayrapetyan , Artavazd R."]
[Black "Sayadyan, Eduard"]
[Result "0-1"]
[WhiteElo "2346"]
[BlackElo "2011"]
[PlyCount "86"]

1. d4 Nf6 2. c4 g6 3. Nc3 Bg7 4. Nf3 O-O 5. e4 d6 6. Be2 Na6 7. O-O e5 8. d5
Nc5 9. Qc2 a5 10. Bg5 h6 11. Be3 b6 12. Nd2 Bg4 13. b3 Bd7 14. f3 Nh5 15. Rfe1
Bf6 16. Bxh6 Bg5 17. Bxg5 Qxg5 18. Bf1 f5 19. a3 Kg7 20. exf5 gxf5 21. g3 Rh8
22. Bg2 Qh6 23. Nf1 a4 24. b4 Nb3 25. Rad1 f4 26. g4 Nf6 27. Ne4 Nxe4 28. Qxe4
Be8 29. Qc2 Qh4 30. c5 bxc5 31. bxc5 Ra5 32. cxd6 Rc5 33. Qf5 cxd6 34. g5 Rf8
35. Qe6 Rc2 36. Kh1 Qxg5 37. Bh3 Bh5 38. Bg4 Nc5 39. Qxd6 Bxg4 40. fxg4 e4 41.
Nd2 Rd8 42. Qc7+ Rd7 43. Qc6 {...} Qe5 0-1

[Event "2nd Yerevan Open"]
[Site "?"]
[Date "2017.09.21"]
[Round "3.31"]
[White "Mirzoyan, David "]
[Black "Nazemi, Pedram"]
[Result "1-0"]
[WhiteElo "2341"]
[BlackElo "1978"]
[PlyCount "55"]

1. d4 Nf6 2. c4 e6 3. Nf3 b6 4. g3 Ba6 5. Nbd2 b5 6. c5 Bb7 7. Bg2 d6 8. cxd6
cxd6 9. O-O Be7 10. Re1 O-O 11. e4 Nbd7 12. b3 a5 13. Bb2 a4 14. a3 Nb6 15. Bf1
Ba6 16. b4 Qd7 17. Bd3 Rfc8 18. Qe2 Rc7 19. h4 Rac8 20. Kg2 d5 21. e5 Ne4 22.
Nxe4 dxe4 23. Qxe4 g6 24. h5 Kg7 25. hxg6 hxg6 26. Rh1 Bb7 27. Qf4 g5 28. Rh7+
1-0

[Event "2nd Yerevan Open"]
[Site "?"]
[Date "2017.09.21"]
[Round "3.32"]
[White "Manukyan, Aleks"]
[Black "Demianjuk, Alexander"]
[Result "1-0"]
[WhiteElo "2003"]
[BlackElo "2330"]
[PlyCount "83"]

1. d4 Nf6 2. c4 g6 3. Nc3 d5 4. cxd5 Nxd5 5. e4 Nxc3 6. bxc3 Bg7 7. Be3 c5 8.
Rc1 Qa5 9. Qd2 O-O 10. Nf3 Nd7 11. Be2 Nf6 12. Bd3 b6 13. d5 Ng4 14. Bg5 e6 15.
h3 Ne5 16. Nxe5 Bxe5 17. c4 Qa3 18. O-O Bd7 19. Kh1 exd5 20. exd5 f5 21. Rfe1
Rfe8 22. Re2 Qb4 23. Rb1 Qxd2 24. Bxd2 Bd4 25. Rbe1 Rxe2 26. Rxe2 Re8 27. Rxe8+
Bxe8 28. Kg1 a6 29. Kf1 b5 30. Ke2 Kf7 31. Be3 Bxe3 32. Kxe3 b4 33. f4 a5 34.
Kd2 a4 35. Kc1 a3 36. Bc2 Kf6 37. h4 h6 38. g3 g5 39. hxg5+ hxg5 40. Bd3 gxf4
41. gxf4 Ke7 42. Kb1 1-0

[Event "2nd Yerevan Open"]
[Site "?"]
[Date "2017.09.21"]
[Round "3.33"]
[White "Mesropian, Khachatur"]
[Black "Tiraturyan, David"]
[Result "1-0"]
[WhiteElo "1974"]
[BlackElo "2316"]
[PlyCount "114"]

1. d4 d5 2. c4 c6 3. Nf3 Nf6 4. cxd5 cxd5 5. Nc3 Nc6 6. Bf4 a6 7. e3 Bg4 8. h3
Bxf3 9. Qxf3 e6 10. Bd3 Bd6 11. Bxd6 Qxd6 12. O-O O-O 13. Qe2 Rfc8 14. f4 Rc7
15. Rad1 g6 16. Qf2 Kg7 17. g4 Qe7 18. Qg3 Rac8 19. f5 gxf5 20. gxf5+ Kh8 21.
Qf3 Rg8+ 22. Kh1 e5 23. Nxd5 Nxd5 24. Qxd5 Qf6 25. Rg1 Rd8 26. dxe5 Nxe5 27.
Qg2 Rcd7 28. Bc2 Rxd1 29. Bxd1 Nc4 30. Qe4 Nxb2 31. Be2 b5 32. Qf4 Na4 33. Bh5
Rg8 34. Rxg8+ Kxg8 35. e4 h6 36. h4 Qa1+ 37. Kh2 Qxa2+ 38. Kg3 Qb3+ 39. Bf3 Nc3
40. Qg4+ Kf8 41. f6 Qc4 42. Qf4 Ke8 43. Qe5+ Kd7 44. Qe7+ Kc8 45. e5 Qd4 46.
Qb7+ Kd8 47. Qe7+ Kc8 48. Qe8+ Kc7 49. Qxf7+ Kb6 50. Qe6+ Ka5 51. f7 Qg1+ 52.
Kf4 Qd4+ 53. Kf5 Qxh4 54. Qd6 Qg3 55. f8=Q Qxf3+ 56. Kg6 Qg4+ 57. Kh7 Ne4 1-0

[Event "2nd Yerevan Open"]
[Site "?"]
[Date "2017.09.21"]
[Round "3.34"]
[White "Davtyan, Artur"]
[Black "Rezanezhad, Hassan"]
[Result "1-0"]
[WhiteElo "2303"]
[BlackElo "1959"]
[PlyCount "67"]

1. d4 Nf6 2. c4 d6 3. Nf3 g6 4. g3 Bg7 5. Bg2 O-O 6. Nc3 Nbd7 7. O-O e5 8. h3
c6 9. e4 Qb6 10. dxe5 dxe5 11. Qc2 Re8 12. Be3 Qc7 13. Rad1 Bf8 14. Rd2 b6 15.
Rfd1 Bb7 16. a3 a5 17. Na4 c5 18. Nc3 Bc6 19. Nb5 Qb7 20. Nh2 Kg7 21. Nd6 Bxd6
22. Rxd6 Nf8 23. Bg5 Ng8 24. Ng4 h6 25. Bf6+ Nxf6 26. Nxf6 Re6 27. Ng4 Rae8 28.
Qd2 g5 29. Ne3 Bxe4 30. Nf5+ Kh7 31. Rxe6 Rxe6 32. Qd8 Bxg2 33. Qxf8 Bxh3 34.
Qg7# 1-0

[Event "2nd Yerevan Open"]
[Site "?"]
[Date "2017.09.21"]
[Round "3.35"]
[White "Gevorgyan, Maria"]
[Black "Marzoughi, Mohammadsadegh	"]
[Result "1/2-1/2"]
[WhiteElo "2294"]
[BlackElo "1954"]
[PlyCount "146"]

1. e4 e6 2. d4 d5 3. Nc3 Nf6 4. Bg5 dxe4 5. Nxe4 Be7 6. Bxf6 gxf6 7. Nc3 f5 8.
g3 Bd7 9. Bg2 Bc6 10. d5 exd5 11. Nxd5 Nd7 12. Qe2 Bxd5 13. Bxd5 c6 14. Bg2
Qa5+ 15. Kf1 Qe5 16. Re1 Qxe2+ 17. Nxe2 O-O-O 18. Bh3 Bf6 19. c3 Kc7 20. Bxf5
Nb6 21. Nf4 Rd2 22. Nh5 Bd8 23. Re2 Rxe2 24. Kxe2 Na4 25. Rd1 Re8+ 26. Kf3 Nb6
27. b3 Re5 28. g4 h6 29. Ng3 Ra5 30. a4 Bf6 31. Ne4 Be5 32. h4 Rd5 33. Re1 Rd3+
34. Kg2 Nd5 35. c4 Nf4+ 36. Kg1 Bd4 37. b4 b6 38. c5 bxc5 39. bxc5 Ra3 40. h5
Rxa4 41. g5 Nxh5 42. gxh6 Ra1 43. Rxa1 Bxa1 44. Ng5 Kd8 45. Nxf7+ Ke7 46. Nd6
Kf8 47. Be4 Nf6 48. Bxc6 Bd4 49. Nb7 Ng4 50. Bf3 Nxh6 51. Nd8 Ke8 52. Ne6 Be5
53. c6 Ke7 54. Nc5 Bc7 55. Be4 Ng4 56. Na6 Kd6 57. f4 Nf6 58. Bf3 Bb6+ 59. Kg2
Ng8 60. f5 Ke5 61. c7 Bxc7 62. Nxc7 Kxf5 63. Nb5 a5 64. Nd4+ Kf4 65. Kf2 Ne7
66. Ne2+ Ke5 67. Ke3 Nd5+ 68. Kd2 a4 69. Nc1 Kd4 70. Na2 Kc5 71. Bd1 a3 72. Bb3
Nb4 73. Nc3 a2 1/2-1/2

[Event "2nd Yerevan Open"]
[Site "?"]
[Date "2017.09.21"]
[Round "3.36"]
[White "Davtyan, Arsen"]
[Black "Manukyan, Sargis V."]
[Result "0-1"]
[WhiteElo "1969"]
[BlackElo "2287"]
[PlyCount "136"]

1. d4 e6 2. c4 c5 3. d5 exd5 4. cxd5 d6 5. Nc3 a6 6. a4 Ne7 7. Nf3 Ng6 8. e4
Be7 9. Be2 O-O 10. O-O Re8 11. Be3 Bg4 12. h3 Bxf3 13. Bxf3 Bf6 14. Qc2 Nd7 15.
g3 Bd4 16. Rfe1 Rc8 17. Bg2 Nge5 18. Rad1 Qf6 19. Qb1 Bxe3 20. Rxe3 c4 21. Qc2
Nc5 22. f4 Ned3 23. Qe2 Qd4 24. Kh2 f5 25. Rd2 Rc7 26. e5 dxe5 27. d6 Rd7 28.
Bd5+ Kf8 29. fxe5 Rxe5 30. Rxe5 Qxe5 31. Bxc4 Qxe2+ 32. Nxe2 Ne5 33. Rd5 Nxc4
34. Rxf5+ Ke8 35. Rxc5 Nxb2 36. a5 Rxd6 37. Nf4 Kd7 38. Rc3 Na4 39. Rc4 b5 40.
axb6 Nxb6 41. Rc5 h6 42. h4 Na4 43. Ra5 Nb2 44. Kg2 Kc7 45. h5 Kb6 46. Rf5 a5
47. Nd5+ Kc5 48. Nc7+ Kb6 49. Nd5+ Kc6 50. Nc3 Nc4 51. Rf4 Ne3+ 52. Kh3 Nd5 53.
Rc4+ Kb6 54. Na4+ Kb5 55. Rd4 Rd7 56. g4 Nf6 57. Rf4 Rd3+ 58. Kh4 Nh7 59. Nb2
Rc3 60. Nd1 Ra3 61. Nf2 Ng5 62. Rf5+ Kc4 63. Rxg5 hxg5+ 64. Kxg5 Rf3 65. Ne4
Kd4 66. Nd2 Rd3 67. Nb1 Rb3 68. Nd2 Rb6 0-1

[Event "2nd Yerevan Open"]
[Site "?"]
[Date "2017.09.21"]
[Round "3.37"]
[White "Bagheri, Maziar"]
[Black "Khachatryan, David S."]
[Result "1/2-1/2"]
[WhiteElo "2285"]
[BlackElo "1916"]
[PlyCount "133"]

1. g3 g6 2. Bg2 Bg7 3. e4 c5 4. Ne2 d6 5. Nbc3 Nc6 6. O-O e6 7. d3 Nge7 8. Be3
Rb8 9. d4 cxd4 10. Nxd4 a6 11. Qd2 Ne5 12. Qe2 Qc7 13. Rad1 Bd7 14. Bc1 O-O 15.
f4 Qc5 16. Kh1 Nc4 17. Qd3 b5 18. b3 Nb6 19. Nb1 Rbc8 20. c3 a5 21. Be3 Qc7 22.
Nxb5 Bxb5 23. Qxb5 Nd7 24. Qd3 d5 25. exd5 Nxd5 26. Bxd5 exd5 27. Qxd5 Nf6 28.
Qf3 Rfe8 29. f5 Ne4 30. Bd4 Qc6 31. fxg6 Qxg6 32. Bxg7 Kxg7 33. c4 Rcd8 34. Rd5
Rxd5 35. cxd5 Ng5 36. Qc3+ Kg8 37. Qc4 Re4 38. Qd3 Nh3 39. Qc2 Qg4 40. Nc3 Re3
41. Kg2 Ng5 42. Qf5 h5 43. Qxg4 hxg4 44. Rc1 Rd3 45. Rc2 Nf3 46. Kf1 Nxh2+ 47.
Rxh2 Rxc3 48. Rd2 Kf8 49. Kf2 Ke7 50. d6+ Kd7 51. Kg2 Re3 52. Rf2 Kxd6 53. Rxf7
Ke6 54. Rf4 Re2+ 55. Rf2 Re3 56. Rd2 Rc3 57. Kh2 Re3 58. Rc2 Rd3 59. Kg2 Re3
60. Rb2 Rc3 61. a4 Kf5 62. b4 axb4 63. Rxb4 Ra3 64. Rc4 Kg5 65. Rb4 Kf5 66.
Rb5+ Ke4 67. Rb4+ 1/2-1/2

[Event "2nd Yerevan Open"]
[Site "?"]
[Date "2017.09.21"]
[Round "3.38"]
[White "Hakobyan, Romik"]
[Black "Dilanyan, Grigor"]
[Result "1-0"]
[WhiteElo "1927"]
[BlackElo "2282"]
[PlyCount "75"]

1. d4 Nf6 2. c4 e6 3. Nf3 c5 4. e3 b6 5. Be2 Bb7 6. O-O Qc7 7. b3 d6 8. Bb2
Nbd7 9. Nc3 a6 10. Nd2 cxd4 11. exd4 d5 12. Rc1 dxc4 13. Nxc4 Rd8 14. Bf3 b5
15. Ne3 Qb8 16. Qe2 Nb6 17. d5 b4 18. Nb5 axb5 19. Qxb5+ Nfd7 20. dxe6 fxe6 21.
Bh5+ g6 22. Bxh8 Kf7 23. Bd4 Bd6 24. f4 gxh5 25. Qxh5+ Kg8 26. Qg5+ Kf8 27.
Qg7+ Ke8 28. Ng4 Be4 29. Nh6 Bg6 30. Rce1 Nf8 31. Ng4 Nd5 32. Ne5 Bh5 33. g4
Bg6 34. f5 Bxe5 35. Bxe5 Qb6+ 36. Bd4 Rd7 37. Qh8 Qd6 38. Rxe6+ 1-0

[Event "2nd Yerevan Open"]
[Site "?"]
[Date "2017.09.21"]
[Round "3"]
[White "Nalbandyan, Vahan "]
[Black "Poghosyan, Suren"]
[Result "1/2-1/2"]
[WhiteElo "1910"]
[BlackElo "2256"]
[PlyCount "120"]

1. Nf3 Nf6 2. g3 c5 3. c4 Nc6 4. Bg2 g6 5. O-O Bg7 6. Nc3 O-O 7. d3 a6 8. Be3
d6 9. Qc1 Re8 10. Rd1 Bd7 11. a3 b5 12. d4 Na5 13. Nd2 cxd4 14. Bxd4 Rc8 15.
Bxf6 Bxf6 16. Nce4 Bg7 17. c5 d5 18. Ng5 e6 19. h4 Qe7 20. b4 Bxa1 21. Qxa1 Nc4
22. Nde4 e5 23. Nc3 d4 24. Nd5 Qd8 25. Ne4 Re6 26. Qc1 f5 27. Ng5 Re8 28. e4 h6
29. exf5 Bxf5 30. Ne4 Kg7 31. Ndc3 Qe7 32. Ne2 Red8 33. Rd3 Nd6 34. Nxd6 Rxd6
35. Rd2 Rdd8 36. Qb2 Qf6 37. f4 e4 38. Nxd4 e3 39. Rd1 Bg4 40. Re1 Bf5 41.
Nxf5+ gxf5 42. Qxf6+ Kxf6 43. Rxe3 Rd1+ 44. Kh2 Rcd8 45. Rc3 R8d3 46. Rxd3 Rxd3
47. Bb7 Rxa3 48. c6 Rc3 49. Bxa6 Rxc6 50. Bxb5 Rb6 51. Be8 Rxb4 52. h5 Re4 53.
Bg6 Re2+ 54. Kh3 Re3 55. Kh2 Ke6 56. Kh3 Ra3 57. Kg2 Ra5 58. Kh3 Rd5 59. Kg2
Kd6 60. Kh3 Kc5 1/2-1/2

[Event "2nd Yerevan Open"]
[Site "?"]
[Date "2017.09.21"]
[Round "3.40"]
[White "Karatorossian, David"]
[Black "Khachikyan, Haik"]
[Result "1-0"]
[WhiteElo "2250"]
[BlackElo "1896"]
[PlyCount "91"]

1. Nf3 Nc6 2. e4 d5 3. exd5 Qxd5 4. Nc3 Qa5 5. h3 Nf6 6. Bc4 Bf5 7. d3 e6 8.
Bd2 Bb4 9. a3 Bxc3 10. Bxc3 Qb6 11. Qe2 O-O-O 12. Qe3 Rhg8 13. O-O-O Nd5 14.
Qxb6 axb6 15. Bd2 h6 16. Rde1 Rge8 17. Bb5 Re7 18. Bxc6 bxc6 19. Nd4 Kd7 20. c4
Nf6 21. Nxf5 exf5 22. Rxe7+ Kxe7 23. Re1+ Kf8 24. Bf4 Ne8 25. Kc2 c5 26. h4 h5
27. b4 cxb4 28. axb4 Ra8 29. Kb3 f6 30. Re6 Kf7 31. Rc6 Ra7 32. d4 Ke7 33. b5
Kd7 34. c5 bxc5 35. dxc5 Ra1 36. Ra6 Rb1+ 37. Kc4 Re1 38. f3 Re2 39. Ra7 Rxg2
40. Bxc7 Nxc7 41. b6 g5 42. Rxc7+ Kd8 43. hxg5 fxg5 44. Rh7 g4 45. b7 Rb2 46.
c6 1-0

[Event "2nd Yerevan Open"]
[Site "?"]
[Date "2017.09.21"]
[Round "3.41"]
[White "Manukyan, Levon"]
[Black "Hakobyan, Hovhannes H."]
[Result "1-0"]
[WhiteElo "1871"]
[BlackElo "2242"]
[PlyCount "64"]

1. e4 e6 2. d4 d5 3. Nd2 c5 4. exd5 Qxd5 5. Ngf3 cxd4 6. Bc4 Qd8 7. O-O Nf6 8.
Nb3 Nc6 9. Nbxd4 Nxd4 10. Nxd4 Bc5 11. Nb3 Bd6 12. Bb5+ Bd7 13. Bxd7+ Qxd7 14.
Qf3 Qc7 15. h3 Qxc2 16. Qxb7 O-O 17. Nd4 Qg6 18. Be3 Nd5 19. Bc1 Be5 20. Nf3
Bf6 21. a3 Rfb8 22. Qc6 Rc8 23. Qb7 Qc2 24. Ng5 Bxg5 25. Bxg5 Rcb8 26. Qa6 Rb6
27. Qa5 Qxb2 28. Rac1 h6 29. Bh4 Rb3 30. a4 Qd4 31. Bd8 Nc3 32. Bb6 Qxb6 1-0

[Event "2nd Yerevan Open"]
[Site "?"]
[Date "2017.09.21"]
[Round "3.42"]
[White "Grigoryan, Arpine"]
[Black "Gasparian, Tigran"]
[Result "0-1"]
[WhiteElo "1865"]
[BlackElo "2208"]
[PlyCount "70"]

1. e4 c5 2. Nf3 Nf6 3. e5 Nd5 4. Nc3 Nc7 5. Bc4 Nc6 6. O-O g6 7. Ne4 Bg7 8.
Nxc5 Nxe5 9. Nxe5 Bxe5 10. d4 Bg7 11. c3 O-O 12. Bf4 d6 13. Nd3 b5 14. Bb3 a5
15. Qc1 Bf5 16. Rd1 b4 17. cxb4 a4 18. Bc2 Ne6 19. d5 Nxf4 20. Qxf4 a3 21. bxa3
Bxa1 22. Rxa1 Qc8 23. Rc1 Qc3 24. Bb1 Qxa3 25. Qd2 Rfc8 26. Rd1 Rab8 27. Ne1
Qxb4 28. Qxb4 Rxb4 29. Bxf5 gxf5 30. Nf3 Rbc4 31. Kf1 Rc1 32. Rxc1 Rxc1+ 33.
Ke2 Kg7 34. Ke3 Kf6 35. Nd4 Rc3+ 0-1

[Event "2nd Yerevan Open"]
[Site "?"]
[Date "2017.09.21"]
[Round "3.43"]
[White "Matevosyan, Sedrak"]
[Black "Khachatrian, Arbi"]
[Result "1-0"]
[WhiteElo "2202"]
[BlackElo "1889"]
[PlyCount "47"]

1. d4 Nf6 2. Nf3 c5 3. d5 b5 4. a4 b4 5. c4 bxc3 6. Nxc3 g6 7. e4 d6 8. Bb5+
Bd7 9. O-O Bg7 10. Rb1 Bxb5 11. axb5 Nfd7 12. Bf4 O-O 13. Qe2 Nb6 14. e5 dxe5
15. Bxe5 Nxd5 16. Nxd5 Qxd5 17. Bxg7 Kxg7 18. Qxe7 c4 19. Ng5 Rc8 20. Rbd1 Qf5
21. Ne6+ Kh6 22. Qh4+ Qh5 23. Qf4+ g5 24. Nxg5 1-0

[Event "2nd Yerevan Open"]
[Site "?"]
[Date "2017.09.21"]
[Round "3.44"]
[White "Muradyan, Robert"]
[Black "Grigoryan, Marine"]
[Result "1-0"]
[WhiteElo "1846"]
[BlackElo "2183"]
[PlyCount "83"]

1. c4 e5 2. Nc3 Nc6 3. g3 Nf6 4. Bg2 Bc5 5. d3 O-O 6. Nf3 d6 7. O-O a6 8. a3
Nd4 9. b4 Nxf3+ 10. Bxf3 Bd4 11. Bb2 Bh3 12. Re1 c6 13. e3 Ba7 14. Ne4 Re8 15.
a4 Nxe4 16. dxe4 Qg5 17. Bg2 Be6 18. Qd3 Rad8 19. Rad1 Rd7 20. Qc3 f5 21. c5
dxc5 22. bxc5 Rxd1 23. Rxd1 Bb8 24. Qc2 f4 25. exf4 exf4 26. Bd4 h5 27. Qb2 h4
28. Qxb7 fxg3 29. fxg3 hxg3 30. h4 Qg6 31. Qxc6 Rd8 32. Bh3 Bf7 33. Qxg6 Bxg6
34. Be6+ Kh7 35. Bd5 Kh6 36. c6 Bc7 37. a5 Bxa5 38. Ra1 Bd2 39. c7 Rc8 40. Bb6
Bf4 41. Bb7 Bxc7 42. Be3+ 1-0

[Event "2nd Yerevan Open"]
[Site "?"]
[Date "2017.09.21"]
[Round "3.45"]
[White "Gharagyozyan , Artur"]
[Black "Tavakalyan, Azat"]
[Result "1/2-1/2"]
[WhiteElo "2170"]
[BlackElo "1867"]
[PlyCount "99"]

1. e4 c5 2. Nf3 e6 3. d4 cxd4 4. Nxd4 Nf6 5. Nc3 d6 6. Be2 a6 7. f4 Qc7 8. O-O
Be7 9. Be3 b5 10. e5 dxe5 11. fxe5 Nfd7 12. Bh5 O-O 13. Qf3 g6 14. Bh6 Nxe5 15.
Qg3 Bc5 16. Rad1 Rd8 17. Nce2 Nbc6 18. c3 Bd6 19. Bf4 Nxd4 20. Rxd4 Nc4 21.
Bxd6 Rxd6 22. Rfd1 Rxd4 23. Qxc7 Rxd1+ 24. Kf2 gxh5 25. Nd4 e5 26. Qd8+ Kg7 27.
Qg5+ Kf8 28. Nc6 Rd2+ 29. Ke1 Bg4 30. h3 Re2+ 31. Kf1 Ne3+ 32. Kg1 Rxg2+ 33.
Kh1 Bf3 34. Qxe3 Rg3+ 35. Kh2 Rg2+ 36. Kh1 Rg3+ 37. Kh2 Rg2+ 38. Kh1 Rg3+ 39.
Kh2 Rg2+ 40. Kh1 Rg3+ 41. Kh2 Rg2+ 42. Kh1 e4 43. Qc5+ Kg7 44. Qe5+ f6 45. Qc7+
Kh8 46. Ne7 Rg3+ 47. Kh2 Rg2+ 48. Kh1 Rg7+ 49. Kh2 Rg2+ 50. Kh1 1/2-1/2

[Event "2nd Yerevan Open"]
[Site "?"]
[Date "2017.09.21"]
[Round "3.46"]
[White "Petrosyan, Sahak"]
[Black "Babayan, Armine"]
[Result "0-1"]
[WhiteElo "1824"]
[BlackElo "2160"]
[PlyCount "122"]

1. e4 c5 2. Nf3 Nc6 3. d4 cxd4 4. Nxd4 Qb6 5. Nb3 Nf6 6. Nc3 e6 7. Be3 Qc7 8.
a3 a6 9. f4 d6 10. Be2 Be7 11. O-O O-O 12. Bf3 Nd7 13. Qe1 b5 14. Rd1 Nb6 15.
Nd2 Bf6 16. e5 dxe5 17. Bc5 Re8 18. Nde4 Be7 19. Bxe7 Rxe7 20. fxe5 Qxe5 21.
Nf6+ gxf6 22. Qxe5 fxe5 23. Bxc6 Bb7 24. Bxb7 Rxb7 25. Ne4 Nd5 26. Rd3 Nf4 27.
Rg3+ Kh8 28. Re3 Rc7 29. c3 Rg8 30. g3 Nd5 31. Re2 f5 32. Nd2 e4 33. Nb3 h5 34.
Nd4 Rg6 35. Kf2 h4 36. Ke1 Re7 37. Nc6 Rh7 38. Ne5 Rg5 39. g4 e3 40. h3 f4 41.
Nf3 Rg8 42. Rc2 Rc8 43. Ke2 Kg7 44. Ng5 Rh6 45. Rd1 Kf6 46. Ne4+ Ke7 47. Kf3
Rhh8 48. b3 Rhd8 49. c4 e5 50. c5 b4 51. Nd6 Nc3 52. Nxc8+ Rxc8 53. Rdc1 Nb5
54. Ke4 Nd4 55. axb4 Nxc2 56. Rxc2 Rd8 57. Kf3 Rd1 58. c6 Kd8 59. c7+ Kc8 60.
g5 Rg1 61. Rg2 e4+ 0-1

[Event "2nd Yerevan Open"]
[Site "?"]
[Date "2017.09.21"]
[Round "3.47"]
[White "Gaboyan, Susanna"]
[Black "Boyajian, Haik"]
[Result "1-0"]
[WhiteElo "2166"]
[BlackElo "1848"]
[PlyCount "73"]

1. d4 Nf6 2. c4 g6 3. g3 Bg7 4. Bg2 O-O 5. Nc3 d6 6. Nf3 Nc6 7. O-O a6 8. h3
Rb8 9. e4 b5 10. Qd3 Nb4 11. Qe2 bxc4 12. e5 Ne8 13. Qxc4 a5 14. Rd1 Ba6 15.
Qb3 Bd3 16. Ne1 Nc2 17. Qa4 Nxe1 18. Rxe1 c5 19. dxc5 Bxe5 20. Bh6 Ng7 21. Rad1
Bxc3 22. bxc3 Bb5 23. Qa3 Qc7 24. c4 Bc6 25. Qc3 f6 26. Bxc6 Qxc6 27. Rxe7 Nf5
28. Bxf8 Rxf8 29. Re6 Qxc5 30. Rxf6 Re8 31. Re1 Re5 32. Rxe5 dxe5 33. Ra6 Nd4
34. Qxa5 Ne2+ 35. Kg2 Qxc4 36. Ra8+ Kf7 37. Qa7+ 1-0

[Event "2nd Yerevan Open"]
[Site "?"]
[Date "2017.09.21"]
[Round "3.48"]
[White "Hakobyan, Hakob V."]
[Black "Ghazaryan, Raffi"]
[Result "1-0"]
[WhiteElo "2102"]
[BlackElo "1833"]
[PlyCount "73"]

1. Nf3 Nf6 2. c4 c5 3. Nc3 e6 4. g3 b6 5. Bg2 Bb7 6. O-O Be7 7. Re1 O-O 8. e4
d6 9. d4 cxd4 10. Nxd4 Nfd7 11. Be3 Nc6 12. f4 Nxd4 13. Bxd4 Qc7 14. Rc1 a6 15.
h4 Rad8 16. h5 h6 17. Bf2 Rfe8 18. b3 Qb8 19. g4 d5 20. exd5 Qxf4 21. dxe6 Ne5
22. exf7+ Qxf7 23. Nd5 Bg5 24. Rc2 Bc8 25. Re4 Bb7 26. Rce2 Bf6 27. Rf4 Kh8 28.
Bxb6 Rd7 29. Qf1 Qe6 30. Bd4 Bxd5 31. Bxd5 Rxd5 32. cxd5 Nf3+ 33. Qxf3 Qxe2 34.
Qxe2 Rxe2 35. Bxf6 gxf6 36. Rxf6 Rxa2 37. Rxh6+ 1-0

[Event "2nd Yerevan Open"]
[Site "?"]
[Date "2017.09.21"]
[Round "3.49"]
[White "Manukyan, Sevak N."]
[Black "Davtyan , David Arm."]
[Result "0-1"]
[WhiteElo "1799"]
[BlackElo "2096"]
[PlyCount "76"]

1. d4 Nf6 2. c4 e6 3. Nc3 Bb4 4. e3 O-O 5. Nge2 c6 6. a3 Ba5 7. Ng3 d5 8. Bd3
Nbd7 9. O-O e5 10. cxd5 cxd5 11. dxe5 Nxe5 12. Be2 Bg4 13. Bxg4 Nexg4 14. b4
Bc7 15. Bb2 Qd7 16. Qf3 Ne5 17. Qf5 Nc4 18. Qxd7 Nxd7 19. Ra2 Be5 20. Na4 Bxb2
21. Nxb2 b5 22. Nf5 Ndb6 23. Rd1 Rfd8 24. g3 a5 25. Nxc4 dxc4 26. Rxd8+ Rxd8
27. bxa5 Na4 28. Nd4 Ra8 29. Nxb5 Rxa5 30. Nd4 Ra8 31. Rc2 c3 32. Kf1 Kf8 33.
Ke2 Rc8 34. f3 Ke7 35. Kd3 Nb2+ 36. Ke4 g6 37. Nb5 Ke6 38. Kd4 Rc4# 0-1